=LDR 00000nam 2200000 4500 =001 000371 =005 20250711042313 =035 ##$$a 0010-0725000230 =007 ta =008 250711################a##########0#ind## =020 ##$$a 978-623-307-550-3 =082 ##$$a 398.209 598 =100 #$$a Sopheawatey,Mel =245 1#$$a Cahaya Kecil /$c Mel Sophewatey =250 ##$$a pertama =260 ##$$a Jakarta :$b Badan Pengembangan dan Pembinaan Bahasa,$c 2022 =300 ##$$a 28 hlm. : $b ilus. ; $c 21,5 cm =650 #4$$a cerita anak indonesia terjemahan =650 #4$$a literasi bahan bacaan =700 #$$a Choeurn Bru =856 ##$$a TBM AS-SYUHADA =084 ##$$a 398.209 598 SOP c =990 ##$$a TBM202400091 =990 ##$$a TBM202400201